[Event "1st Archibald 2019"]
[Site "Sochi"]
[Date "2019.05.17"]
[Round "7.21"]
[White "Najdin, Danil"]
[Black "Potapova, Margarita"]
[Result "1-0"]
[WhiteElo "2314"]
[BlackElo "2253"]
[Annotator "NA RC"]
[PlyCount "93"]
[EventDate "2019.05.12"]
[EventType "swiss"]
[EventCountry "RUS"]
[SourceTitle "playchess.com"]
[Source "ChessBase"]
[SourceQuality "1"]
[TimeControl "5400+30"]

1. d4 {[%emt 0:00:00]} Nf6 {[%emt 0:00:06]} 2. c4 {[%emt 0:00:05]} g6 {[%emt 0:00:04]} 3. g3 {[%emt 0:00:32]} c5 {[%emt 0:00:47]} 4. d5 {[%emt 0:00:40]} Bg7 {[%emt 0:00:23]} 5. Bg2 {[%emt 0:00:27]} d6 {[%emt 0:00:14]} 6. Nc3 {[%emt 0:00:56]} O-O {[%emt 0:01:02]} 7. Nf3 {[%emt 0:01:41]} e6 {[%emt 0:00:20]} 8. O-O {[%emt 0:00:25]} exd5 {[%emt 0:00:02]} 9. cxd5 {[%emt 0:00:06]} Re8 {[%emt 0:00:13]} 10. Nd2 {[%emt 0:00:56]} a6 {[%emt 0:00:07]} 11. a4 {[%emt 0:00:48]} Nbd7 {[%emt 0:00:30]} 12. e4 {[%emt 0:05:43]} Ne5 {[%emt 0:09:25] A64: Modern Benoni: Fianchetto Variation: 9...Nbd7 10 Nd2 a6 11 a4 Re8} 13. Qc2 {[%emt 0:02:41]} Rb8 {[%emt 0:05:23]} (13... h5 14. f4 Neg4 15. Nc4 Nh7 16. h3 Bd4+ 17. Kh1 Ngf6 18. Ne2 Rb8 19. a5 Qc7 20. Nxd4 cxd4 {1-0 (33) Gunina,V (2496)-Lagno,K (2529) Huaian 2016}) 14. f4 {[%emt 0:04:16]} Neg4 {[%emt 0:01:09]} 15. Nc4 {[%emt 0:01:45]} Nh5 {[%emt 0:03:16]} 16. Ne2 $146 {[%emt 0:03:25]} (16. Bf3 $11) ({Predecessor:} 16. Ra2 Bd4+ 17. Kh1 b5 18. axb5 axb5 19. Na5 Bd7 20. Nb3 {0-1 (37) Bruschetta,L-Amorosi,G Italy 1998}) 16... b5 {[%emt 0:01:45]} 17. axb5 {[%emt 0:00:17]} axb5 {[%emt 0:00:03]} 18. Na5 $1 {[%emt 0:01:50]} Qb6 {[%emt 0:01:44]} 19. Nc6 {[%emt 0:01:41]} (19. Bf3 $15) 19... c4+ {[%emt 0:04:14]} 20. Kh1 {[%emt 0:00:10]} Nf2+ {[%emt 0:24:59]} 21. Rxf2 {[%emt 0:00:03]} Qxf2 {[%emt 0:00:04]} 22. Nxb8 $2 {[%emt 0:14:14]} (22. Qd2 {is the only way for White.} Nf6 23. Nc3 Qxd2 24. Bxd2) 22... Bg4 {[%emt 0:01:50]} 23. Nc6 $2 {[%emt 0:10:25]} (23. Bd2 {is the only way for White.} Bf3 24. Bxf3 Qxf3+ {[%mdl 64] Double Attack} 25. Kg1) 23... Bxe2 {[%emt 0:01:45]} 24. Qd2 {[%emt 0:08:44]} Rxe4 {[%emt 0:11:02] Back Rank} 25. Ra8+ {[%emt 0:00:25]} Bf8 {[%emt 0:00:03]} 26. f5 {[%emt 0:02:26]} Ng7 {[%emt 0:13:41]} 27. f6 {[%emt 0:05:57]} Qxf6 {[%emt 0:02:45]} 28. Qc3 $2 {[%emt 0:03:47] [#]} ({Avoid the trap} 28. Rxf8+ $2 Kxf8 29. Kg1 Bd3 $19) (28. h4 $17 Bf3 29. Qf2) 28... Qf2 $3 {[%emt 0:07:58]} 29. Bh6 {[%emt 0:06:04] [#]} f6 {[%emt 0:00:32]} (29... Ne8 $142 $3 {[%mdl 512]} 30. Rxe8 (30. Bxf8 Bf3 31. Ne7+ Rxe7 32. Qg7+ Nxg7 33. Bxe7+ Ne8 {[%mdl 64] Clearance} 34. Rxe8+ Kg7 35. Bf8+ Kf6 36. Be7+ Ke5 37. Bd8+ Kf5 38. g4+ Kf4 39. Bg5+ {[%mdl 64] Decoy} Kxg5 40. h4+ Kxh4 41. Re2 Bxe2 42. Be4 Kg3 43. g5 Qh2#) 30... Rxe8 31. Bxf8 f6) 30. Qd2 {[%emt 0:00:35]} Qf5 {[%emt 0:02:03] [#]} 31. Nd4 $1 {[%emt 0:04:33]} Rxd4 {[%emt 0:07:18]} 32. Qxd4 {[%emt 0:00:31]} Qb1+ {[%emt 0:00:14]} 33. Qg1 {[%emt 0:00:01]} Qxb2 {[%emt 0:00:31]} 34. h3 {[%emt 0:02:24]} f5 {[%emt 0:00:05]} 35. Qe3 {[%emt 0:01:47]} Bd3 {[%emt 0:01:08]} 36. Bf4 {[%emt 0:02:57]} Qf6 {[%emt 0:00:40]} 37. Bg5 {[%emt 0:00:44]} Qf7 {[%emt 0:00:32]} 38. Ra7 {[%emt 0:01:10]} f4 {[%emt 0:00:24]} 39. Bxf4 {[%emt 0:01:51]} Qf5 $18 {[%emt 0:00:39]} (39... Nf5 {keeps fighting.} 40. Qe6 Qxe6 41. dxe6 c3) 40. Ra8 {[%emt 0:01:26]} Qd7 {[%emt 0:00:23]} 41. g4 {[%emt 0:02:50]} b4 {[%emt 0:00:33]} 42. Qb6 {[%emt 0:00:58]} b3 {[%emt 0:00:34]} 43. Bxd6 {[%emt 0:00:22]} Ne8 {[%emt 0:00:07]} 44. Bxf8 {[%emt 0:00:20]} Kxf8 {[%emt 0:00:41]} 45. Qf6+ {[%emt 0:00:30]} Kg8 {[%emt 0:00:04]} 46. d6 {[%emt 0:00:23]} Qf7 {[%emt 0:01:08]} 47. Rxe8+ {[%emt 0:00:05]} 1-0

[Event "1st Archibald 2019"]
[Site "Sochi"]
[Date "2019.05.17"]
[Round "7.22"]
[White "Kiriushin, Vladimir"]
[Black "Yakimenko, Alexander A."]
[Result "0-1"]
[WhiteElo "2041"]
[BlackElo "2059"]
[Annotator "NA RC"]
[PlyCount "68"]
[EventDate "2019.05.12"]
[EventType "swiss"]
[EventCountry "RUS"]
[SourceTitle "playchess.com"]
[Source "ChessBase"]
[SourceQuality "1"]
[TimeControl "5400+30"]

1. d4 {[%emt 0:00:00]} e6 {[%emt 0:00:20]} 2. c4 {[%emt 0:00:05]} Nf6 {[%emt 0:00:07]} 3. Nc3 {[%emt 0:00:09]} Bb4 {[%emt 0:00:09]} 4. e3 {[%emt 0:00:06]} b6 {[%emt 0:00:26]} 5. Nge2 {[%emt 0:00:13]} Bb7 {[%emt 0:00:13]} 6. a3 {[%emt 0:00:04]} Be7 {[%emt 0:00:26]} 7. Nf4 {[%emt 0:00:04]} d5 {[%emt 0:01:32]} 8. cxd5 {[%emt 0:00:27]} exd5 {[%emt 0:00:07]} 9. Be2 {[%emt 0:01:37]} O-O {[%emt 0:00:11]} 10. Bf3 {[%emt 0:00:49]} c6 {[%emt 0:04:08]} 11. O-O {[%emt 0:00:16]} Nbd7 {[%emt 0:00:23]} 12. b4 {[%emt 0:01:11]} b5 {[%emt 0:02:30]} 13. Bd2 {[%emt 0:03:14]} Nb6 {[%emt 0:01:53]} 14. Be2 {[%emt 0:11:47]} (14. a4 $11 {remains equal.}) 14... Re8 {[%emt 0:05:09]} 15. Nd3 {[%emt 0:02:12]} Bd6 {[%emt 0:04:24]} 16. Nc5 {[%emt 0:04:20]} Bc8 {[%emt 0:02:17]} 17. a4 $11 {[%emt 0:04:49]} a6 {[%emt 0:01:32]} 18. axb5 {[%emt 0:00:06]} axb5 {[%emt 0:00:18]} 19. Rxa8 {[%emt 0:00:02]} Nxa8 {[%emt 0:00:54]} 20. Qc2 {[%emt 0:02:24]} Qc7 {[%emt 0:04:21]} 21. h3 {[%emt 0:04:39]} Nb6 {[%emt 0:03:43]} 22. Ra1 {[%emt 0:01:42]} g6 {[%emt 0:05:56]} 23. Bd3 {[%emt 0:04:09]} Qe7 {[%emt 0:06:30]} 24. Re1 {[%emt 0:03:57]} Nc4 {[%emt 0:19:33]} 25. Bc1 {[%emt 0:00:58]} Be6 {[%emt 0:04:28]} 26. Qa2 {[%emt 0:06:54]} Bf5 {[%emt 0:07:16]} 27. Qb1 {[%emt 0:02:15]} Bxd3 {[%emt 0:00:18]} 28. Qxd3 {[%emt 0:00:20]} Ne4 {[%emt 0:00:45]} 29. f3 {[%emt 0:15:21]} Qh4 {[%emt 0:02:55]} 30. Rf1 {[%emt 0:03:35]} Nxc3 {[%emt 0:04:12]} 31. Qxc3 {[%emt 0:00:03]} Qg3 {[%emt 0:00:13]} 32. f4 {[%emt 0:01:38]} Nxe3 {[%emt 0:00:56]} 33. Rf2 {[%emt 0:03:38]} Bxf4 {[%emt 0:00:30]} 34. Qd2 {[%emt 0:04:31]} Qh2# {[%emt 0:00:08]} 0-1

[Event "1st Archibald 2019"]
[Site "Sochi"]
[Date "2019.05.18"]
[Round "8.1"]
[White "Bogdanovich, Stanislav"]
[Black "Aleksandrov, Aleksej"]
[Result "1-0"]
[WhiteElo "2581"]
[BlackElo "2603"]
[Annotator "RC"]
[PlyCount "83"]
[EventDate "2019.05.12"]
[EventType "swiss"]
[EventCountry "RUS"]
[SourceTitle "playchess.com"]
[Source "ChessBase"]
[SourceQuality "1"]
[TimeControl "5400+30"]

1. Nf3 {[%emt 0:03:00]} Nf6 {[%emt 0:00:00]} 2. g3 {[%emt 0:00:21]} d5 {[%emt 0:01:14]} 3. Bg2 {[%emt 0:00:10]} c6 {[%emt 0:00:36]} 4. O-O {[%emt 0:00:54]} Bf5 {[%emt 0:00:06]} 5. d3 {[%emt 0:01:44]} h6 {[%emt 0:00:05]} 6. c4 {[%emt 0:01:29]} e6 {[%emt 0:00:03]} 7. Nbd2 {[%emt 0:05:14]} Be7 {[%emt 0:02:30]} 8. Ne5 {[%emt 0:04:11]} O-O {[%emt 0:02:55]} 9. Ndf3 {[%emt 0:01:50]} Nbd7 {[%emt 0:05:57]} 10. Nxd7 {[%emt 0:03:12]} Nxd7 {[%emt 0:06:43]} 11. Be3 {[%emt 0:04:55]} dxc4 {[%emt 0:04:45]} 12. dxc4 {[%emt 0:00:57]} Qc7 {[%emt 0:00:40]} 13. Qd2 {[%emt 0:01:34]} Rfd8 {[%emt 0:04:11]} 14. Qc3 {[%emt 0:02:34]} Bf6 {[%emt 0:10:45]} 15. Qb3 {[%emt 0:04:04]} a5 {[%emt 0:09:33]} 16. Rad1 {[%emt 0:06:56]} Be7 {[%emt 0:00:25]} 17. Qc3 {[%emt 0:04:21]} a4 {[%emt 0:05:04]} 18. Bd4 {[%emt 0:05:07]} Bf8 {[%emt 0:08:29]} 19. Qe3 {[%emt 0:07:47]} Qa5 {[%emt 0:01:06]} 20. Qf4 {[%emt 0:05:42]} Bc5 {[%emt 0:09:10]} 21. g4 {[%emt 0:05:32]} Bg6 {[%emt 0:01:44]} 22. Bxc5 {[%emt 0:01:57]} Nxc5 {[%emt 0:00:47]} 23. Ne5 {[%emt 0:00:57]} Qb4 {[%emt 0:04:41]} 24. h4 {[%emt 0:03:08]} Qxb2 {[%emt 0:03:11]} 25. Rxd8+ {[%emt 0:03:06]} Rxd8 {[%emt 0:00:00]} 26. h5 {[%emt 0:00:02]} Bb1 {[%emt 0:11:05]} 27. Qxf7+ {[%emt 0:02:08]} Kh7 {[%emt 0:00:03]} 28. Qe7 {[%emt 0:01:51]} Qxe5 {[%emt 0:00:06]} 29. Qxd8 {[%emt 0:00:22]} Bxa2 {[%emt 0:00:00]} 30. Qd2 {[%emt 0:00:59]} Bb3 {[%emt 0:00:33]} 31. f4 {[%emt 0:00:12]} Qc7 {[%emt 0:01:21]} 32. g5 {[%emt 0:02:24]} a3 {[%emt 0:00:08]} 33. Qb4 {[%emt 0:01:09]} Qd6 {[%emt 0:02:31]} 34. g6+ {[%emt 0:00:09]} Kg8 {[%emt 0:00:01]} 35. Qxa3 {[%emt 0:00:35]} Qd4+ {[%emt 0:00:59]} 36. e3 {[%emt 0:00:53]} Qxe3+ {[%emt 0:00:06]} 37. Kh2 {[%emt 0:00:11]} Nd7 {[%emt 0:01:53]} 38. Qe7 {[%emt 0:02:09]} Qc5 {[%emt 0:01:18]} 39. Qxe6+ {[%emt 0:00:10]} Kh8 {[%emt 0:00:00]} 40. Qxd7 {[%emt 0:00:11]} Bxc4 {[%emt 0:00:20]} 41. Qe8+ {[%emt 0:02:27]} Bg8 {[%emt 0:00:15]} 42. Qe5 {[%emt 0:00:07]} 1-0

[Event "1st Archibald 2019"]
[Site "Sochi"]
[Date "2019.05.18"]
[Round "8.2"]
[White "Volkov, Sergey"]
[Black "Stupak, Kirill"]
[Result "0-1"]
[WhiteElo "2572"]
[BlackElo "2551"]
[Annotator "RC"]
[PlyCount "126"]
[EventDate "2019.05.12"]
[EventType "swiss"]
[EventCountry "RUS"]
[SourceTitle "playchess.com"]
[Source "ChessBase"]
[SourceQuality "1"]
[TimeControl "5400+30"]

1. d4 {[%emt 0:00:00]} Nf6 {[%emt 0:09:54]} 2. c4 {[%emt 0:00:00]} e6 {[%emt 0:00:12]} 3. Nc3 {[%emt 0:00:00]} Bb4 {[%emt 0:00:57]} 4. f3 {[%emt 0:02:25]} c5 {[%emt 0:00:14]} 5. a3 {[%emt 0:00:16]} Bxc3+ {[%emt 0:00:04]} 6. bxc3 {[%emt 0:00:00]} d6 {[%emt 0:00:20]} 7. e4 {[%emt 0:00:11]} Nc6 {[%emt 0:00:03]} 8. Be3 {[%emt 0:00:28]} b6 {[%emt 0:05:52]} 9. Bd3 {[%emt 0:01:18]} Qc7 {[%emt 0:01:41]} 10. f4 {[%emt 0:04:44]} e5 {[%emt 0:07:11]} 11. Nf3 {[%emt 0:04:03]} Ng4 {[%emt 0:08:23]} 12. Bg1 {[%emt 0:06:48]} exf4 {[%emt 0:02:55]} 13. h3 {[%emt 0:00:10]} Ne3 {[%emt 0:10:49]} 14. Bxe3 {[%emt 0:03:06]} fxe3 {[%emt 0:01:07]} 15. O-O {[%emt 0:00:04]} f6 {[%emt 0:05:35]} 16. Re1 {[%emt 0:03:26]} Bd7 {[%emt 0:05:07]} 17. Rxe3 {[%emt 0:01:03]} O-O-O {[%emt 0:00:03]} 18. Qe2 {[%emt 0:02:34]} Kb8 {[%emt 0:04:37]} 19. Re1 {[%emt 0:13:36]} Rde8 {[%emt 0:00:45]} 20. e5 {[%emt 0:00:24]} dxe5 {[%emt 0:06:08]} 21. dxe5 {[%emt 0:00:27]} Nxe5 {[%emt 0:00:16]} 22. Nxe5 {[%emt 0:00:07]} fxe5 {[%emt 0:00:46]} 23. Be4 {[%emt 0:02:12]} Re7 {[%emt 0:06:15]} 24. Qd3 {[%emt 0:01:38]} g6 {[%emt 0:09:52]} 25. Qd5 {[%emt 0:01:30]} Kc8 {[%emt 0:00:00]} 26. Bf3 {[%emt 0:08:42]} Rhe8 {[%emt 0:02:29]} 27. R3e2 {[%emt 0:20:24]} Re6 {[%emt 0:03:47]} 28. Bg4 {[%emt 0:00:16]} Rd6 {[%emt 0:03:39]} 29. Qf7 {[%emt 0:03:01]} Rd8 {[%emt 0:00:26]} 30. Qf3 {[%emt 0:00:39]} Bxg4 {[%emt 0:01:35]} 31. Qxg4+ {[%emt 0:00:31]} Kb8 {[%emt 0:00:53]} 32. Rxe5 {[%emt 0:00:09]} Rd1 {[%emt 0:00:38]} 33. Qe4 {[%emt 0:06:32]} Rxe1+ {[%emt 0:00:11]} 34. Qxe1 {[%emt 0:00:07]} Rd1 {[%emt 0:00:00]} 35. Re8+ {[%emt 0:00:10]} Rd8 {[%emt 0:00:00]} 36. Re6 {[%emt 0:02:50]} Rd6 {[%emt 0:01:01]} 37. Re4 {[%emt 0:01:49]} Rd8 {[%emt 0:00:08]} 38. Qe3 {[%emt 0:07:37]} Rd1+ {[%emt 0:00:25]} 39. Kf2 {[%emt 0:00:02]} Rd7 {[%emt 0:01:25]} 40. Ke2 {[%emt 0:00:31]} Qd6 {[%emt 0:00:50]} 41. Re8+ {[%emt 0:04:24]} Kc7 {[%emt 0:00:18]} 42. Qe5 {[%emt 0:00:34]} Qxe5+ {[%emt 0:00:36]} 43. Rxe5 {[%emt 0:00:01]} Kb7 {[%emt 0:00:01]} 44. Rd5 {[%emt 0:00:15]} Re7+ {[%emt 0:03:17]} 45. Kd2 {[%emt 0:00:34]} Ka6 {[%emt 0:00:00]} 46. Kc2 {[%emt 0:00:41]} Re2+ {[%emt 0:00:59]} 47. Rd2 {[%emt 0:00:05]} Rxd2+ {[%emt 0:00:17]} 48. Kxd2 {[%emt 0:00:00]} Ka5 {[%emt 0:01:12]} 49. Kc2 {[%emt 0:00:05]} Ka4 {[%emt 0:00:10]} 50. Kb2 {[%emt 0:00:01]} g5 {[%emt 0:00:25]} 51. g3 {[%emt 0:01:05]} h5 {[%emt 0:00:27]} 52. h4 {[%emt 0:00:41]} g4 {[%emt 0:00:55]} 53. Ka2 {[%emt 0:00:04]} b5 {[%emt 0:00:30]} 54. cxb5 {[%emt 0:01:41]} Kxb5 {[%emt 0:00:38]} 55. Kb3 {[%emt 0:00:04]} c4+ {[%emt 0:00:00]} 56. Kc2 {[%emt 0:00:03]} Ka5 {[%emt 0:00:58]} 57. Kc1 {[%emt 0:01:02]} Ka4 {[%emt 0:00:24]} 58. Kb2 {[%emt 0:00:07]} a5 {[%emt 0:00:16]} 59. Ka2 {[%emt 0:01:52]} Kb5 {[%emt 0:00:00]} 60. Kb1 {[%emt 0:00:24]} Kc5 {[%emt 0:00:09]} 61. Kc2 {[%emt 0:00:04]} Kd5 {[%emt 0:00:01]} 62. Kd1 {[%emt 0:00:21]} Ke4 {[%emt 0:00:01]} 63. Ke2 {[%emt 0:00:12]} a4 {[%emt 0:00:00]} 0-1

[Event "1st Archibald 2019"]
[Site "Sochi"]
[Date "2019.05.18"]
[Round "8.3"]
[White "Gochelashvili, David"]
[Black "Alekseev, Evgeny"]
[Result "0-1"]
[WhiteElo "2392"]
[BlackElo "2647"]
[Annotator "TA"]
[PlyCount "50"]
[EventDate "2019.05.12"]
[EventType "swiss"]
[EventCountry "RUS"]
[SourceTitle "playchess.com"]
[Source "ChessBase"]
[SourceQuality "1"]

{[%evp 9,50,4,12,8,11,12,24,17,22,19,29,19,29,0,0,-33,-36,-52,-50,-36,-18,-31,-45,-35,-39,-81,-24,-82,-79,-102,-89,-100,-99,-100,-87,-512,-520,-629,-614,-625,-621,-602,-587]} 1. e4 c5 2. Nf3 e6 3. g3 Nc6 4. Bg2 Nf6 5. Qe2 e5 6. O-O {B40: Sicilian: 2...e6, Unusual lines} Be7 7. d3 h6 8. Nc3 {White has an edge.} d6 9. Nd5 O-O 10. c3 Re8 11. Nxe7+ Qxe7 $146 ({Predecessor:} 11... Nxe7 12. h3 Ng6 {0-1 (36) Hoffmann,P (2376)-Movsesian,S (2633) Germany 2018}) 12. Nh4 Bg4 13. Qe3 Rad8 14. h3 Bc8 15. Nf5 Bxf5 16. exf5 d5 17. Re1 Qd6 (17... e4 $17 18. dxe4 dxe4) 18. Qf3 (18. Qd2 $11) 18... e4 $1 $17 {[%cal Re4f3]} 19. dxe4 dxe4 20. Qe2 Qd5 $36 {[%mdl 2048] White is under strong pressure.} 21. g4 {[#]} Ne5 $1 {[%cal Re5f3] ...Nf3+ is the strong threat.} 22. g5 $2 {[%mdl 8192]} (22. Be3 $17 {is more resistant.}) 22... Nf3+ $19 {Black is clearly winning.} 23. Bxf3 exf3 {[%mdl 64] Pin} 24. Qf1 Rxe1 25. Qxe1 Qxf5 {Accuracy: White = 36%, Black = 59%.} 0-1

[Event "1st Archibald 2019"]
[Site "Sochi"]
[Date "2019.05.18"]
[Round "8.4"]
[White "Esipenko, Andrey"]
[Black "Makoveev, Ilya"]
[Result "1-0"]
[WhiteElo "2620"]
[BlackElo "2290"]
[Annotator "TA"]
[PlyCount "85"]
[EventDate "2019.05.12"]
[EventType "swiss"]
[EventCountry "RUS"]
[SourceTitle "playchess.com"]
[Source "ChessBase"]
[SourceQuality "1"]

{[%evp 9,85,0,4,0,0,0,0,0,0,0,0,0,9,6,6,0,191,185,187,172,183,178,194,184,204,216,249,252,257,260,290,274,307,291,320,294,295,287,339,343,470,360,337,301,315,315,310,332,325,324,412,432,587,320,450,420,509,500,633,495,526,491,601,597,756,754,752,750,1766,1804,2397,2237,29982,29982,29965,29971,2335,1908]} 1. d4 Nf6 2. Nf3 e6 3. c4 d5 4. Nc3 dxc4 5. e4 Bb4 6. Bxc4 {D24: Queen's Gambit Accepted: 3 Nf3 Nf6 4 Nc3} Nxe4 7. O-O Nxc3 (7... Nf6 8. Qa4+ Nc6 9. Ne5 Rb8 10. d5 exd5 11. Nxd5 Nxd5 12. Nxc6 bxc6 13. Qxc6+ Qd7 14. Qxd5 {½-½ (31) Mamedyarov,S (2817)-Caruana,F (2832) Germany 2019}) 8. bxc3 {The position is equal.} Be7 9. Qe2 O-O 10. Rd1 c6 11. Ne5 Nd7 12. Rd3 b5 $146 (12... Nxe5 $11 {and Black is okay.} 13. dxe5 Qc7) ({Predecessor:} 12... Nb6 13. Rh3 g6 {1-0 (58) Illescas Cordoba,M (2605)-Kabanova,E (2146) Barcelona 2018}) 13. Nxc6 $18 bxc4 14. Nxd8 cxd3 15. Qf3 $36 {[%mdl 2048] White is on the roll.} Nb6 16. Nc6 Bf6 17. Qxd3 Bb7 {[#]} 18. Na5 $1 {[%cal Ra5b7]} Bc8 19. Bf4 Bd7 20. c4 {[%cal Bc3c4,Bc4c5][%mdl 32]} Rac8 21. Bd6 Rfd8 22. c5 Nd5 23. Rb1 Ba4 24. h3 Ne7 25. Rb4 Be8 26. g4 Nc6 27. Nxc6 Bxc6 28. Qa6 Bd5 29. a4 h5 30. gxh5 Rc6 31. Qf1 Bf3 (31... a5 {was necessary.}) 32. Qd3 Bd5 33. Kh2 Bg5 34. Be5 {[#] aiming for Qg3.} f6 35. Bd6 Rcc8 {next ...Rxd6 is good for Black.} 36. f4 Bh4 37. Rb2 f5 38. Be5 Rd7 39. Qa6 Rc6 40. Rb8+ Kh7 41. Qf1 Rc8 42. Rxc8 Rb7 43. Rb8 {Accuracy: White = 93%, Black = 36%.} 1-0

[Event "1st Archibald 2019"]
[Site "Sochi"]
[Date "2019.05.18"]
[Round "8.5"]
[White "Rakhmanov, Aleksandr"]
[Black "Kotsur, Pavel"]
[Result "1-0"]
[WhiteElo "2629"]
[BlackElo "2527"]
[Annotator "TA"]
[PlyCount "77"]
[EventDate "2019.05.12"]
[EventType "swiss"]
[EventCountry "RUS"]
[SourceTitle "playchess.com"]
[Source "ChessBase"]
[SourceQuality "1"]

{[%evp 9,77,7,14,19,22,8,18,20,18,24,37,37,39,32,77,81,75,82,82,80,83,83,80,79,123,120,114,91,87,93,87,89,86,78,111,108,103,101,106,116,119,116,101,108,103,101,136,136,153,150,142,104,229,249,420,414,723,682,1636,1540,1474,846,4698,2438,4774,4718,4698,1216,4806,4133]} 1. c4 c5 2. Nc3 g6 3. g3 Bg7 4. Bg2 Nc6 5. b3 a6 (5... e6 6. Ba3 d6 7. e3 Nge7 8. Nge2 O-O 9. O-O Qa5 10. Bb2 d5 11. cxd5 exd5 12. Nf4 Rd8 13. Qc1 d4 {½-½ (33) Ding,L (2813)-Vidit,S (2695) Wijk aan Zee 2019}) 6. Bb2 {A36: Symmetrical English vs ...g6: 4 Bg2 Bg7} d6 7. d3 $146 ({Predecessor:} 7. h4 h5 8. Nh3 Nh6 9. O-O Nf5 10. e3 Bd7 11. Rb1 Rb8 12. Ne2 Bxb2 13. Rxb2 {1-0 (24) Tofan,I (2204)-Yalcin,O (1864) Konya 2016}) 7... Bd7 8. Qd2 {The position is equal.} Qa5 9. e3 Nf6 10. Nd5 Qxd2+ 11. Kxd2 {[#] And now Nc7+ would win.} O-O-O 12. Nxf6 Bxf6 13. Bxf6 exf6 14. Ne2 Ne7 15. Nc3 Kc7 16. Rhb1 b5 17. cxb5 axb5 18. a4 bxa4 19. bxa4 Bc6 20. Bxc6 Kxc6 21. Rb5 Rb8 {[#]} 22. Rab1 $1 Rxb5 23. axb5+ $16 {[%mdl 4096] Endgame KRN-KRN} Kd7 24. Ra1 Rb8 25. d4 cxd4 26. exd4 Nc8 27. Kc2 f5 28. Kb3 Rb7 29. Kb4 Nb6 30. Na4 {Strongly threatening Nxb6+.} Nxa4 (30... Nc8 $16 {was called for.}) 31. Rxa4 {KR-KR} Ke6 $2 (31... Rc7 32. d5 h5) 32. Ra8 $18 Kd5 (32... Kd7 $142 33. d5 g5) 33. Ka5 {White is clearly winning.} Kxd4 34. b6 Re7 35. Ka6 d5 36. b7 Rxb7 37. Kxb7 Kc3 38. Rc8+ Kd3 39. Kc6 {Accuracy: White = 90%, Black = 32%.} 1-0

[Event "1st Archibald 2019"]
[Site "Sochi"]
[Date "2019.05.18"]
[Round "8.6"]
[White "Korneev, Oleg"]
[Black "Khalifman, Alexander"]
[Result "1/2-1/2"]
[WhiteElo "2530"]
[BlackElo "2616"]
[Annotator "TA"]
[PlyCount "19"]
[EventDate "2019.05.12"]
[EventType "swiss"]
[EventCountry "RUS"]
[SourceTitle "playchess.com"]
[Source "ChessBase"]
[SourceQuality "1"]

{[%evp 16,19,16,0,43,0]} 1. d4 d5 2. c4 c6 3. Nf3 Nf6 4. Nc3 a6 5. c5 Nbd7 6. Bf4 Nh5 7. Bd2 Nhf6 8. Bf4 $146 ({Predecessor:} 8. Qc2 g6 9. g3 Bg7 10. Bg2 O-O 11. O-O b6 12. cxb6 Nxb6 13. Ne5 Bf5 14. e4 dxe4 15. Nxc6 {½-½ (35) Postny,E (2621)-Malakhov,V (2666) Biograd 2018}) 8... Nh5 9. Bd2 Nhf6 {D15: Slav Defence: 4 Nc3 a6 and gambit lines after 4 Nc3 dxc4} 10. Bf4 1/2-1/2

[Event "1st Archibald 2019"]
[Site "Sochi"]
[Date "2019.05.18"]
[Round "8.7"]
[White "Martinovici, Ilie"]
[Black "Bocharov, Dmitry"]
[Result "0-1"]
[WhiteElo "2367"]
[BlackElo "2530"]
[Annotator "ChessBase"]
[PlyCount "68"]
[EventDate "2019.05.12"]
[EventType "swiss"]
[EventCountry "RUS"]
[SourceTitle "playchess.com"]
[Source "ChessBase"]
[SourceQuality "1"]
[TimeControl "5400+30"]

1. d4 {[%emt 0:00:00]} d6 {[%emt 0:03:54]} 2. e4 {[%emt 0:00:00]} Nf6 {[%emt 0:00:33]} 3. f3 {[%emt 0:00:03]} e5 {[%emt 0:02:29]} 4. d5 {[%emt 0:02:28]} Be7 {[%emt 0:00:22]} 5. Be3 {[%emt 0:01:25]} O-O {[%emt 0:03:53]} 6. c4 {[%emt 0:00:55]} a5 {[%emt 0:02:41]} 7. Nc3 {[%emt 0:00:00]} Na6 {[%emt 0:00:12]} 8. Qd2 {[%emt 0:01:12]} c6 {[%emt 0:01:17]} 9. Bd3 {[%emt 0:05:14]} cxd5 {[%emt 0:09:11]} 10. cxd5 {[%emt 0:00:10]} Nd7 {[%emt 0:00:04]} 11. Nh3 {[%emt 0:07:40]} Ndc5 {[%emt 0:04:19]} 12. Nf2 {[%emt 0:00:36]} Nxd3+ {[%emt 0:00:58]} 13. Nxd3 {[%emt 0:00:09]} Bd7 {[%emt 0:08:31]} 14. O-O {[%emt 0:01:41]} b5 {[%emt 0:03:21]} 15. a3 {[%emt 0:00:41]} Qb8 {[%emt 0:01:35]} 16. Na2 {[%emt 0:13:44]} f5 {[%emt 0:06:41]} 17. exf5 {[%emt 0:14:58]} Bxf5 {[%emt 0:00:54]} 18. Nf2 {[%emt 0:01:08]} Nc5 {[%emt 0:13:08]} 19. Bxc5 {[%emt 0:13:33]} dxc5 {[%emt 0:00:00]} 20. Nc3 {[%emt 0:00:47]} c4 {[%emt 0:01:54]} 21. Nce4 {[%emt 0:04:24]} Bd8 {[%emt 0:04:24]} 22. d6 {[%emt 0:05:14]} Bb6 {[%emt 0:01:02]} 23. Qd5+ {[%emt 0:01:04]} Kh8 {[%emt 0:00:12]} 24. Nc3 {[%emt 0:08:09]} b4 {[%emt 0:08:31]} 25. axb4 {[%emt 0:02:08]} axb4 {[%emt 0:01:24]} 26. Na4 {[%emt 0:04:38]} Bd4 {[%emt 0:01:52]} 27. d7 {[%emt 0:01:01]} Qc7 {[%emt 0:02:51]} 28. Nc3 {[%emt 0:01:13]} Rxa1 {[%emt 0:02:30]} 29. Rxa1 {[%emt 0:00:01]} Qxd7 {[%emt 0:03:23]} 30. Qxd7 {[%emt 0:01:19]} Bxd7 {[%emt 0:00:07]} 31. Nd5 {[%emt 0:00:02]} Rb8 {[%emt 0:03:58]} 32. Nxb4 {[%emt 0:00:16]} h6 {[%emt 0:00:18]} 33. Nc2 {[%emt 0:00:07]} Bxf2+ {[%emt 0:00:15]} 34. Kxf2 {[%emt 0:00:00]} Rxb2 {[%emt 0:00:06]} 0-1